| 000 | 00903nam a22001337a 4500 | ||
|---|---|---|---|
| 040 | _cRUA | ||
| 082 | _aFOR TAN 2009 B138 Or.1 | ||
| 100 | _aTANG; LOT. | ||
| 245 | _aStudy of situation of forest resources management in preah chey varaman-norodom '"phnom kulen" national park in khnong phnom commune, svayleur distric, siem reap provine, សិក្សាពីស្ថានភាពនៃការគ្រប់គ្រងធនធានព្រៃឈើក្នុងឧទ្យានជាតិព្រះជ័យវន្ម័ន នរោត្តម "ភ្នំគូលែន" ចំនុចឃុំខ្នងភ្នំ ស្រុកស្វាយលើ ខេត្តសៀមរាប | ||
| 260 |
_aPhnom Penh _bRUA _c2009 |
||
| 300 |
_ax; 48p. _bill. _c29cm. |
||
| 856 | _uhttps://drive.google.com/file/d/1TJ-BIS3iRzv_jIvcBT_ExygutPkQRWNM/view?usp=sharing | ||
| 942 | _cFOR | ||
| 999 |
_c3398 _d3398 |
||